| 000 | 00353nam a2200157Ia 4500 | ||
|---|---|---|---|
| 008 | 210210b1949 xxu||||| |||| 00| 0 eng d | ||
| 041 | _aeng | ||
| 082 | _a825/896 | ||
| 100 | _aWARNER (R) | ||
| 245 | _aJohn milton | ||
| 260 |
_aLondon _bNot Mentioned _c1949 |
||
| 650 | _amilton | ||
| 650 | _aJohn | ||
| 690 | _aEnglish Criticism | ||
| 906 | _a015211 | ||
| 999 |
_c134528 _d134528 |
||